| 000 | 00578nam a2200145 4500 | ||
|---|---|---|---|
| 082 | _aMSITE-2 MAR | ||
| 100 | _aMaria Tauqir | ||
| 245 | _aEvaluating 21st century skills of primary school students by using stop motion animation as a technological and pedagogical tool | ||
| 260 |
_a(Islamabad) _bNUST-SEECS _c2017 |
||
| 300 | _a90p. | ||
| 856 | _uhttp://10.250.8.41:8080/xmlui/handle/123456789/20194 | ||
| 942 |
_2ddc _cTHE |
||
| 999 |
_c342393 _d342393 |
||